000 01199nam a2200313 i 4500
003 EG-GICUC
005 20260121101434.0
008 251206s1977 iq ||||fr|||| 00| 0 ara d
017 _a1977/401
040 _a EG-GICUC
_bara
_c EG-GICUC
_d EG-GICUC
_erda
041 0 _aara
082 0 4 _221
_a343.30567
_bع ب . أ
092 0 4 _221
099 _aLaw1 10 343.30567 ع ب . أ 2 ed - 1977
100 0 _aعبد الامير العكيلي
_eمؤلف.
245 1 0 _aأصول الاجراءات الجنائية في قانون أصول المحاكمات الجزائية.
_nالجزء الأول /
_cعبد الامير العكيلي.
250 _aالطبعة الثانية
264 1 _aبغداد :
_bمطبعة جامعة بغداد،
_c1977.
300 _a458 صفحة ؛
_c24 سم.
336 _2rda content
_atext
337 _2rda media
_aComputer
338 _2rda carrier
_aOnline Resource
546 _aالنص باللغة العربية
650 1 4 _aالتصرف فى التهمة بعد الاستدلال
650 1 4 _aالقانون الجنائي
856 4 0 _uhttps://fll.law.cu.edu.eg/fulltext/bks/B10-05624.pdf
905 _a77
_eHassnaa
942 _2ddc
_cBK
_e21
_n0
999 _c48624
_d48624